[Event "MPL 47th National Women Chess-ch 2022"]
[Site "Odisha"]
[Date "2022.02.28"]
[Round "7.14"]
[White "Kiran, Manisha Mohanty"]
[Black "Deodhar, Vrushali Umesh"]
[Result "0-1"]
[WhiteElo "2168"]
[BlackElo "1974"]
[Annotator "TA"]
[PlyCount "80"]
[EventDate "2022.02.25"]
[EventCountry "IND"]
[SourceTitle "playchess.com"]
[Source "ChessBase"]
[SourceQuality "1"]

{[%evp 17,80,27,35,0,0,-222,-227,-218,-234,-216,-204,-221,-197,-210,-173,-210,-177,-181,-170,-168,-162,-167,-153,-177,-167,-176,-171,-164,-121,-123,-102,-104,-31,-50,-18,-44,0,0,0,0,0,3,0,-140,-140,-295,-301,-437,-278,-367,-346,-352,-366,-459,-258,-308,-291,-303,-287,-591,-585,-578,-603,-575,-559]} 1. e4 e6 2. d4 d5 3. Nc3 Bb4 4. a3 Bxc3+ 5. bxc3 dxe4 6. Qg4 Nf6 7. Qxg7 Rg8 8. Qh6 Nbd7 9. Ne2 b6 10. Bg5 {C15: French: 3 Nc3 Bb4: Unusual White 4th moves.} Qe7 11. Ng3 $2 {[#]} (11. Bh4 $11) 11... Ng4 $1 $19 {[%csl LRg5,LRh6][%mdl 512]} 12. Qxh7 {Black is clearly better.} Qxg5 13. Nxe4 Qg6 14. Qxg6 Rxg6 {[#]} ({Stronger than} 14... fxg6 15. Bc4 $17) 15. Bd3 $146 ({Predecessor:} 15. h4 Bb7 16. Ng5 O-O-O 17. Bd3 Rg7 18. f3 Ne3 19. Kf2 f6 20. Nxe6 Rxg2+ 21. Kxe3 {0-1 (61) Van Ketel,R-Hendrickx,P Alphen aan den Rijn 1995}) 15... f5 {Strongly threatening ...Bb7.} 16. Ng3 Bb7 17. f3 Ne3 18. Kf2 Nd5 19. Ne2 Kf7 20. c4 Ne7 21. Nf4 Rh6 22. Rae1 Re8 (22... Nf8 $19 23. d5 exd5 24. cxd5 Nxd5 25. Nxd5 Bxd5 26. Bxf5 Kf6) 23. h4 $17 Nf8 24. h5 {To avoid Neg6} Nh7 (24... Rd8 $17 25. d5 exd5) 25. d5 {[%cal Bd4d5,Bd5e6][%mdl 32]} Ng5 26. Re5 Bc8 (26... Kf6 $1 $15 27. Rhe1 exd5) 27. Rhe1 $11 Rf6 28. c5 Rd8 {[%cal Re7d5]} 29. dxe6+ Kg7 30. h6+ (30. Kg3 $11) 30... Rxh6 $17 {...Kf6 is the strong threat.} 31. g4 $2 {Loses the game.} (31. cxb6 $17 axb6 32. Bxf5) 31... Bb7 $19 32. Nh5+ (32. R5e3 {is a better defense.}) 32... Kf8 33. Be2 Rxe6 34. Rxe6 Nxe6 35. Bd3 Nd4 (35... Nxc5 $142 36. Bxf5 Nxf5 37. gxf5 Rd2+ 38. Re2 Rd5) 36. cxb6 axb6 ({But not} 36... cxb6 $2 37. Nf4 $19) 37. Nf4 Rd6 ({And not} 37... Bxf3 38. c3 $17) 38. Rh1 $2 (38. gxf5 {is a better chance.} Nexf5 39. Rh1) 38... Bxf3 {Black is clearly winning.} 39. Rh8+ Kg7 40. Re8 Kf7 {Weighted Error Value: White=0.54/Black=0.25 (precise)} 0-1

[Event "MPL 47th National Women Chess-ch 2022"]
[Site "Odisha"]
[Date "2022.03.01"]
[Round "8.1"]
[White "Vaishali R"]
[Black "Divya Deshmukh"]
[Result "0-1"]
[WhiteElo "2403"]
[BlackElo "2301"]
[Annotator "TA"]
[PlyCount "74"]
[EventDate "2022.02.25"]
[EventCountry "IND"]
[SourceTitle "playchess.com"]
[Source "ChessBase"]
[SourceQuality "1"]

{[%evp 9,74,18,18,0,-1,-14,-21,-14,-11,-32,-16,-87,-86,-92,-83,-92,-83,-133,-133,-131,-137,-133,-127,-128,-132,-132,-130,-131,-61,-61,-64,-58,-56,-65,-64,-64,-60,-69,-61,-88,-60,-88,-94,-85,-109,-121,-104,-103,-98,-115,-113,-99,-63,-162,-169,-180,-168,-283,-296,-482,-460,-545,-381,-807,-709,-772,-710]} 1. e4 e5 2. Nf3 Nf6 3. Nxe5 d6 4. Nf3 Nxe4 5. c4 Nc6 6. d4 {C42: Petroff Defence: 3 Nxe5 and unusual White 3rd moves.} d5 {next ...Bb4+ is good for Black.} 7. Nc3 Bb4 8. Qc2 {The position is equal.} Qe7 9. Be3 (9. Kd1 $5 {[%cal Rc3d5]} Bg4 10. cxd5 (10. Nxd5 Nxd4 11. Nxe7 Nxc2 $11) 10... Nxd4 11. Qxe4 Qxe4 12. Nxe4 Nxf3 13. h3 Ng5+ 14. hxg4 Nxe4 15. Bb5+ Kf8 16. Be3 $11) 9... Bf5 {[#] Strongly threatening ...0-0.} 10. a3 $146 {[#]} (10. Bd3 $1 $11 dxc4 11. Bxc4) ({Predecessor:} 10. Qc1 Ng5 11. Nxg5 Nxd4 12. Be2 Nc2+ 13. Kf1 d4 14. Nd5 Nxe3+ 15. fxe3 Qxg5 16. Nxb4 dxe3 {1-0 (41) Nigmatov,O (2442)-Bouzidi,A (2105) Sousse 2021}) 10... Ng3 $1 $36 {[%mdl 2048] Black is on the roll.} 11. Qa4 Bxc3+ (11... Nxh1 12. axb4 O-O 13. Nxd5 $16) 12. bxc3 Nxf1 ({Don't play} 12... Nxh1 $6 13. cxd5 O-O 14. dxc6 $15) 13. Rxf1 ({White should play} 13. Kxf1 Bd3+ 14. Kg1 Bxc4 15. Bg5) 13... O-O-O 14. cxd5 Rxd5 15. c4 Ra5 16. Qb3 {[#]} Nb4 $1 {[%mdl 512]} 17. Kd2 Nc2 18. Ra2 Rxa3 {Black is much more active.} (18... Re8 $17 19. h3 (19. Rxc2 $2 Rxa3 20. Rc3 Rxb3 $19) 19... c6) 19. Rxa3 $15 Qxa3 {Dancing on a razor blade.} ({Resist} 19... Nxa3 20. Ra1 $16) 20. Qxa3 Nxa3 21. Kc3 b5 22. cxb5 Nxb5+ 23. Kb4 Nd6 24. Ne5 Kb7 25. d5 a5+ 26. Kc5 a4 27. g4 Bc2 28. Rc1 {[#]} Bb3 29. Nc6 {[#]} Ra8 {To avoid Na5+. aiming for ...a3.} 30. f3 Kc8 31. Bd4 ({Better is} 31. Bf4 $15 Kd7 32. Re1) 31... f6 $19 32. Bc3 a3 33. Re1 (33. Kb4 {keeps fighting.} Bc4 34. Re1) 33... Ra4 {[%csl Gb3,Gd6][%cal Ra4c4]} 34. Na5 {[#] To avoid Rc4+} (34. Bb4) 34... a2 $1 35. Kc6 (35. Ra1 Bc4) 35... Ra3 {[%cal Ob3d1] ( -> ...Bd1!)} 36. Bb4 $2 (36. Ra1) 36... Ba4+ 37. Kc5 a1=Q {Weighted Error Value: White=0.41/Black=0.10 (very precise)} 0-1

[Event "MPL 47th National Women Chess-ch 2022"]
[Site "Odisha"]
[Date "2022.03.01"]
[Round "8.2"]
[White "Soumya, Swaminathan"]
[Black "Padmini, Rout"]
[Result "1/2-1/2"]
[WhiteElo "2360"]
[BlackElo "2350"]
[Annotator "TA"]
[PlyCount "68"]
[EventDate "2022.02.25"]
[EventCountry "IND"]
[SourceTitle "playchess.com"]
[Source "ChessBase"]
[SourceQuality "1"]

{[%evp 11,68,35,43,29,40,43,52,12,64,1,35,34,36,34,27,27,27,15,11,11,14,9,20,18,15,13,24,4,32,5,31,32,33,20,45,49,44,47,43,17,29,10,44,38,31,0,0,0,0,-82,-82,-82,-82,-74,-66,-66,-25,-20,0]} 1. e4 e5 2. Nf3 Nc6 3. Bb5 a6 4. Ba4 g6 5. c3 d6 6. d4 Bd7 7. Bg5 {C76: Ruy Lopez: Deferred Steinitz: 5 c3 Bd7 6 d4 g6.} f6 8. Be3 Bg7 $1 {[%mdl 4] is more profitable than 8...Nh6 at the moment.} 9. c4 {White is slightly better.} Nh6 ({Better is} 9... Nxd4 $11 10. Nxd4 exd4 11. Bxd4 Ne7) 10. h3 (10. dxe5 $14 fxe5 11. h3) 10... Nf7 11. Nc3 {[#]} f5 $146 ({Predecessor:} 11... O-O 12. O-O f5 13. exf5 gxf5 14. dxe5 dxe5 15. Bc5 Re8 16. Nd5 b6 17. Bxc6 Bxc6 {1-0 (42) Lagarde,M (2586)-Klein,D (2501) Chess.com INT 2018}) 12. d5 Ne7 13. Ng5 Nxg5 14. Bxg5 O-O 15. Bxd7 Qxd7 16. Qd2 Bf6 17. Bxf6 Rxf6 18. a4 Kg7 19. f3 h6 20. b4 fxe4 21. Nxe4 Rf7 22. O-O g5 23. a5 Nf5 $1 24. Ra3 Nd4 25. Rd3 Qf5 26. c5 Nb5 27. Re1 Qf4 28. Qxf4 gxf4 29. Rc1 Kf8 30. c6 (30. Kf2 $11 {keeps the balance.}) 30... bxc6 $17 31. Rxc6 Ke8 32. Rc4 Kd8 33. Kf2 Kc8 (33... Kd7 $15) 34. Nc3 $11 Rb8 {Weighted Error Value: White=0.17 (very precise) /Black=0.11 (very precise)} 1/2-1/2

[Event "MPL 47th National Women Chess-ch 2022"]
[Site "Odisha"]
[Date "2022.03.01"]
[Round "8.3"]
[White "Priyanka Nutakki"]
[Black "Pratyusha, Bodda"]
[Result "1-0"]
[WhiteElo "2301"]
[BlackElo "2328"]
[Annotator "TA"]
[PlyCount "55"]
[EventDate "2022.02.25"]
[EventCountry "IND"]
[SourceTitle "playchess.com"]
[Source "ChessBase"]
[SourceQuality "1"]

{[%evp 20,55,31,37,37,22,48,18,35,29,13,34,16,22,40,0,0,0,0,4,10,0,145,162,533,517,608,473,975,997,938,911,29983,29984,29984,29985,29988,29989]} 1. d4 d5 2. c4 e6 3. Nc3 Nf6 4. Nf3 Be7 5. Bf4 O-O 6. e3 Nbd7 7. Rc1 c6 8. Bd3 dxc4 9. Bxc4 b5 10. Bd3 Bb7 11. O-O Rc8 {D37: Queen's Gambit Declined: 5 Bf4.} 12. a3 a5 {[#]} 13. Qe2 $146 ({Predecessor:} 13. h3 b4 14. axb4 axb4 15. Ne4 c5 16. Nd6 Bxf3 17. Qxf3 Ra8 18. Nb5 Qb6 19. Bc7 Qa6 {0-1 (68) Tran,M-Anisa,A Hue 2012}) 13... b4 {The position is equal.} 14. axb4 axb4 15. Ne4 Nxe4 16. Bxe4 Nf6 (16... Qb6 {with more complications.} 17. Nd2 Ba6 18. Nc4 Qd8 19. Ra1 Bb5) 17. Bd3 c5 18. dxc5 Bxc5 19. Rfd1 {[%cal Od3h7,Bf1d1,Bd1d7,Bd7g7][%mdl 32] [#] Black must now prevent Bxh7+!} Qb6 20. Be5 Ne4 {Prevents Ng5.} (20... Rfd8 $11 {keeps the balance.}) 21. Rc4 $16 f5 (21... f6 {is more resistant.}) 22. Bxe4 $18 fxe4 23. Rd7 Rf5 (23... Rf7 $142 24. Rxf7 Kxf7) 24. Rxg7+ Kf8 25. Ng5 {[%cal Bf3g5,Bg5h7,Bh7f6][%mdl 32]} Ra8 26. Nxh7+ {White mates.} Ke8 27. Nf6+ Kd8 28. Qd1+ {Weighted Error Value: White=0.15 (very precise) /Black=0.96} 1-0

[Event "MPL 47th National Women Chess-ch 2022"]
[Site "Odisha"]
[Date "2022.03.01"]
[Round "8.4"]
[White "Arpita, Mukherjee"]
[Black "Gomes, Mary Ann"]
[Result "1/2-1/2"]
[WhiteElo "2260"]
[BlackElo "2361"]
[Annotator "TA"]
[PlyCount "169"]
[EventDate "2022.02.25"]
[EventCountry "IND"]
[SourceTitle "playchess.com"]
[Source "ChessBase"]
[SourceQuality "1"]

{[%evp 15,169,12,7,-2,0,-17,0,0,12,-36,-34,-45,0,0,70,71,77,18,52,60,54,48,53,60,93,105,171,183,199,84,80,37,35,0,0,0,0,0,287,272,250,164,148,148,113,106,91,87,88,88,88,51,70,25,237,87,118,0,206,181,191,110,110,26,26,26,26,26,81,81,81,81,81,81,502,464,463,452,437,0,0,0,970,735,1021,0,0,0,0,0,0,0,0,0,0,0,0,0,0,0,1066,1055,1021,410,410,403,389,389,389,0,0,0,0,0,0,0,1021,984,1252,1112,1078,936,932,599,592,139,139,139,591,576,441,20,20,0,0,0,45,0,0,0,0,0,0,0,0,0,0,0,0,0,0,0,0,0,0,0]} 1. e4 c5 2. Nf3 e6 3. d4 cxd4 4. Nxd4 a6 5. Bd3 Qc7 6. O-O Nf6 7. c4 Nc6 $1 {7...Nc6 scores better than 7...d6.} 8. Nxc6 dxc6 9. Bg5 {B42: Sicilian: Kan Variation: 5 Bd3.} Be7 {[#]} 10. Kh1 $146 ({Predecessor:} 10. Nc3 e5 11. a3 O-O 12. Rc1 h6 13. Be3 Ng4 14. Bd2 Rd8 15. Be2 Nf6 16. Qe1 Nd7 {½-½ (38) Mainka,R (2480)-Chuchelov,V (2525) Germany 1997}) 10... Bd7 11. f4 h6 12. Bxf6 (12. Bh4 $1 $11 {was preferrable.}) 12... gxf6 $15 13. Qh5 O-O-O (13... Qb6 $15 {should be considered.} 14. Qe2 O-O-O) 14. Nc3 $11 c5 (14... Be8 $11 15. Rad1 Qb6) 15. Qxf7 $14 Bd6 16. f5 (16. e5 $1 $16 {[%cal Re5d6]} fxe5 17. f5) 16... Rdf8 17. Qh5 Be5 18. fxe6 Bxe6 19. Nd5 Bxd5 20. exd5 Bxb2 (20... Rfg8 $16 {might work better.}) 21. Rab1 $18 Be5 22. Bf5+ (22. d6 $1 $18 {[%cal Rd6c7] has better winning chances.} Qxd6 23. Qf3 (23. Be4 b6 $14)) 22... Kb8 $16 23. d6 {White is more active.} (23. a4 $16) 23... Qxd6 $14 24. Be4 b6 25. Rfd1 Qc7 26. a4 $36 {[%mdl 2048] And now a5 would win. White is pushing.} Ka7 $2 {[%mdl 8192]} (26... a5 $1 $11 {and Black stays safe.}) 27. a5 $1 $18 Rb8 28. axb6+ Rxb6 29. Rxb6 Kxb6 30. Rb1+ Ka7 31. Rb7+ Qxb7 32. Bxb7 Kxb7 $16 {[%mdl 4096] Endgame KQ-KRB} 33. Qf7+ Kb6 34. Qe6+ (34. Qe7 $14) 34... Kb7 $2 (34... Ka5 $11) 35. Qd7+ (35. g4 $18 {is more deadly.}) 35... Kb6 36. Qe6+ (36. g4 $16) 36... Kb7 $18 37. g3 {[%mdl 1024] White has strong compensation.} h5 38. h3 (38. h4 $18) 38... Rh7 $16 39. Kg2 (39. Qg8 $16 Rd7 40. Qg6) 39... Rg7 $11 40. g4 hxg4 41. hxg4 a5 (41... Rg5 $11) 42. Kf3 a4 43. Qe8 {Threatens to win with Qb5+.} a3 44. Qa4 $1 Bb2 $2 {[%mdl 8192]} (44... Re7 $16 {is more resistant.}) 45. Qb5+ $18 Kc8 46. Qxc5+ Rc7 47. Qd5 (47. Qf5+ $18 Kd8 48. Qa5) 47... Ra7 $11 48. Qe6+ (48. Qg8+ $6 Kb7 $16) 48... Kb8 $2 {[%mdl 8192]} (48... Kb7 $11) 49. Qb6+ $18 Ka8 50. Qd8+ $2 (50. c5 $1 $18 Be5 51. c6) 50... Kb7 $11 51. Qd7+ Kb8 52. Qb5+ Kc7 53. Qc5+ Kb7 54. Qe7+ Kb8 55. Qd6+ Kc8 56. Qc6+ (56. Qf8+ $6 Kc7 $16) 56... Kb8 $1 57. Qb6+ $2 {[%mdl 8192]} (57. Ke2 $11) 57... Ka8 $18 58. c5 $1 Be5 59. Qd8+ (59. c6 $142 Rc7 60. g5) 59... Kb7 60. Qd5+ Kc7 61. Qf7+ Kb8 62. Qe8+ $2 ({White must play} 62. Qa2 $18) 62... Kc7 $11 63. Qe7+ Kb8 64. Qd8+ Kb7 65. Qb6+ $2 {[%mdl 8192]} (65. Qd5+ Kc8 66. Qe6+ Kd8 67. Qg8+ Kc7 68. Qf7+ Kb8 69. Qe8+ Kb7 70. Qd7+ Kb8 71. Qd8+ Kb7 $18) (65. Qd7+ $11 Kb8 66. Qd8+ Kb7) 65... Ka8 $18 66. c6 $1 Bc7 {[#]} 67. Qb3 $1 Bb8 68. Qd5 {c7+ would kill now.} Bc7 69. Qa2 Ra6 {[#]} 70. Qe6 $2 (70. Qc4 $1 $18 {[%cal Rc4a6] and the rest is easy.} Rb6 71. Ke4) 70... Ka7 $16 71. Qe3+ ({Resist} 71. Qxf6 $6 Kb6 $14) 71... Kb8 $2 {[%mdl 8192]} (71... Ka8 $16 {is tougher.} 72. Ke4 Ra4+ 73. Kf5 Ra5+ 74. Kg6 (74. Kxf6 $2 a2 $19) 74... Ra6) 72. Qb3+ $18 Rb6 73. Qc4 $2 ({Better is} 73. Qe6 $18) 73... Bd6 $1 $11 (73... Rb2 $2 74. Qd4 (74. Qc3 Bd6 $18) 74... Rb1 75. Qc4 $18) 74. Qd4 Rb3+ 75. Kg2 Kc7 (75... Rb2+ $1 $11 76. Kf3 Rb3+ 77. Ke2 Rb2+ 78. Ke3 Rb3+ 79. Kf2 Kc7) 76. Qa7+ (76. Qxf6 $14 {deserves consideration.} Kxc6 77. g5) 76... Kxc6 {The position is equal.} 77. Qa4+ Rb5 78. Qa6+ Rb6 79. Qa4+ Kc7 80. Qa7+ Rb7 81. Qa5+ Kc6 82. Qa4+ Kc7 83. Qa5+ Kc6 84. Qa4+ Kc7 85. Qa5+ {Blacks defense is rewarded with a draw.  Weighted Error Value: White=0.50/Black=0.46} 1/2-1/2

[Event "MPL 47th National Women Chess-ch 2022"]
[Site "Odisha"]
[Date "2022.03.01"]
[Round "8.5"]
[White "Chitlange Sakshi"]
[Black "Kulkarni Bhakti"]
[Result "1-0"]
[WhiteElo "2205"]
[BlackElo "2388"]
[Annotator "TA"]
[PlyCount "99"]
[EventDate "2022.02.25"]
[EventCountry "IND"]
[SourceTitle "playchess.com"]
[Source "ChessBase"]
[SourceQuality "1"]

{[%evp 16,99,13,8,8,-12,0,0,0,0,14,26,28,10,39,33,75,76,118,41,57,64,55,57,297,284,315,269,384,412,393,337,414,411,403,395,381,250,238,235,390,386,387,230,283,277,295,284,270,259,316,302,290,286,319,273,308,265,254,195,187,109,344,335,611,427,429,387,412,358,438,401,1652,1583,1630,885,860,833,851,726,716,712,667,665,29990,29991]} 1. d4 Nf6 2. Nf3 g6 3. Nc3 d5 4. Bf4 Bg7 5. Nb5 Na6 6. e3 c6 {[%cal Bc7c6,Bc6c5][%mdl 32]} 7. Nc3 Nb8 8. h3 {[%cal Bh2h3,Bh3h4][%mdl 32]} O-O 9. Be2 c5 {[#] D00: 1 d4 d5: Unusual lines.} 10. Nb5 $146 {Nc7 is the strong threat.} ({Predecessor:} 10. dxc5 Nbd7 11. O-O Nxc5 12. Be5 b6 13. Nd4 Bb7 14. Bf3 a6 15. Nb3 Ncd7 16. Bh2 e6 17. Ne2 {½-½ (75) Aronian,L (2784)-Grischuk,A (2752) Chess.com INT 2016}) 10... Ne8 {To avoid Nc7} 11. h4 a6 {The position is equal.} 12. Nc3 Nc6 13. h5 Bf5 14. Qd2 Nf6 15. hxg6 (15. dxc5 Ne4 16. Nxe4 dxe4 $15) 15... hxg6 (15... Bxg6 $14 16. Ne5 (16. dxc5 Qa5 $11) 16... Nxe5 17. Bxe5 e6) 16. Ne5 $1 $16 (16. dxc5 $6 Ne4 17. Nxe4 dxe4 $11) 16... Rc8 (16... Qa5 $142) 17. f3 {White is more active.} (17. g4 $1 $16 {[%cal Rg4f5]} Be6 18. f3 (18. dxc5 Ne4 $11)) 17... Nh5 18. Nxc6 Rxc6 19. Be5 {aiming for g4.} f6 $2 (19... cxd4 $1 $14 20. Qxd4 f6) 20. Bh2 $18 {[%cal Be5h2,Bh2g1,Bg1f2][%mdl 32]} Bh6 21. g4 e5 (21... cxd4 $142 22. Qxd4 Bxe3 23. Qxd5+ (23. Qxe3 d4 $18) 23... Be6 24. Qxd8 Rxd8) 22. dxc5 (22. gxf5 cxd4 23. Nd1 (23. fxg6 Bxe3 24. Qd3 Kg7 $18) 23... dxe3 $18) (22. gxh5 cxd4 23. Bg1 dxc3 24. bxc3 g5 $17) (22. dxe5 Be6 23. gxh5 d4 $18) 22... d4 23. Nd1 Ng7 {[%cal Bh5g7,Bg7f5,Bf5d6][%mdl 32]} 24. Bg1 (24. gxf5 Nxf5 25. Bg1 dxe3 26. Bxe3 Qxd2+ 27. Kxd2 Rd8+ 28. Bd3 Bf4 29. Bxf4 exf4 $18) 24... Bg5 25. gxf5 Nxf5 26. Bf2 Rxc5 27. Qb4 {[%csl LRb7,LRc5]} Qc7 (27... Rc7 28. e4 Ne7 29. Qb3+ Kg7) 28. e4 Nd6 {[#]} 29. Bd3 (29. c3 Nc4 30. Kf1 a5 31. Bxc4+ Kg7 $18) (29. Nc3 $142 $1 {[%mdl 512]}) 29... Rc6 30. Kf1 Rf7 31. Qb3 Nc4 32. Be1 Bf4 33. Bxc4 Rxc4 34. c3 f5 35. exf5 Rxf5 36. cxd4 exd4 37. Qd3 Qc6 {[%cal Of4h2] [#]} 38. Qe4 ({Better is} 38. Bf2 $1 $18) 38... Qc8 $2 (38... Rc2 $16 {was necessary.} 39. Nf2 Be3) 39. Nf2 ({Weaker is} 39. Qe7 Rc7 40. Qe4 (40. Qh4 $2 Rh5 $19) 40... Rcf7 $16) (39. b3 Rc2 40. Qxd4 Be5 41. Qd5+ Kg7 $18) 39... Bc1 $2 (39... Bg5 40. Rd1 Qc6 41. Rxd4 Rxd4 42. Qxd4 Bf6) 40. Nd3 Bg5 41. Rd1 Rc2 42. Bf2 Bf6 43. Re1 (43. Bxd4 Bxd4 44. Qxd4 Rxf3+ 45. Ke1 Qe6+ 46. Ne5 Rf8 $18) 43... Rd2 (43... Bg7 $142 44. Rh3 (44. Bxd4 Bxd4 45. f4 Qc6 $11) 44... Qd7) 44. Rc1 Qd8 45. Be1 Rxd3 46. Qxd3 Qd5 47. Qc4 Rxf3+ 48. Ke2 Re3+ 49. Kd1 Rd3+ 50. Qxd3 {Weighted Error Value: White=0.32/Black=0.53} 1-0

[Event "MPL 47th National Women Chess-ch 2022"]
[Site "Odisha"]
[Date "2022.03.01"]
[Round "8.6"]
[White "Sharma Isha"]
[Black "Salonika, Saina"]
[Result "1-0"]
[WhiteElo "2253"]
[BlackElo "2206"]
[Annotator "TA"]
[PlyCount "55"]
[EventDate "2022.02.25"]
[EventCountry "IND"]
[SourceTitle "playchess.com"]
[Source "ChessBase"]
[SourceQuality "1"]

{[%evp 13,55,27,20,0,16,-11,10,0,0,15,25,26,58,54,35,43,95,50,50,39,40,29,90,45,43,35,60,20,29,26,45,33,335,310,554,516,660,651,1511,1433,29965,29972,2874,2536]} 1. e4 c5 2. Nf3 d6 3. d4 cxd4 4. Nxd4 Nf6 5. Nc3 a6 6. Be3 e5 7. Nb3 Be7 8. h3 {B90: Sicilian Najdorf: Unusual White 6th moves, 6 Be3 Ng4 and 6 Be3 e5.} Be6 9. Qf3 Nbd7 {is currently scoring better than 9...0-0.} 10. g4 {The position is equal.} h6 11. O-O-O b5 12. Kb1 Qc7 13. Nd5 $1 Bxd5 14. exd5 Nb6 {[#]} (14... Rc8 $1 $14) 15. Bxb6 (15. h4 $1 $16) 15... Qxb6 $14 {[#]} 16. h4 $146 ({Predecessor:} 16. Bd3 a5 17. Nd2 a4 18. Ne4 a3 19. b3 Nxe4 20. Bxe4 b4 21. h4 Rc8 22. Rh2 {½-½ (38) Carstens Dobuchak,T (2153)-Menezes,J (1818) Florianopolis 2022}) 16... Nd7 17. Bd3 Nc5 (17... a5 $11 {keeps the balance.}) 18. Nc1 {White is more active.} (18. Nxc5 $16 Qxc5 19. Rc1) 18... Rf8 19. Ne2 Qd8 20. h5 Bg5 21. Bf5 Qa5 22. Qg3 {Strongly threatening f4.} Qb4 {[%mdl 8192] [#] Inhibits f4. Loses the game.} ({Black should try} 22... Qb6 $14) 23. a3 $18 Qa4 (23... Qc4 {was necessary.}) 24. b4 Nd7 25. Qc3 Bf6 26. Bxd7+ Kxd7 27. Qc6+ Ke7 28. Qb7+ {Weighted Error Value: White=0.10 (very precise) /Black=0.96} 1-0

[Event "MPL 47th National Women Chess-ch 2022"]
[Site "Odisha"]
[Date "2022.03.01"]
[Round "8.7"]
[White "Deodhar, Vrushali Umesh"]
[Black "Srija, Seshadri"]
[Result "0-1"]
[WhiteElo "1974"]
[BlackElo "2219"]
[Annotator "RC"]
[PlyCount "60"]
[EventDate "2022.02.25"]
[EventCountry "IND"]
[SourceTitle "playchess.com"]
[Source "ChessBase"]
[SourceQuality "1"]
[TimeControl "5400+30"]

1. c4 {[%emt 0:00:03]} e5 {[%emt 0:00:08]} 2. Nc3 {[%emt 0:00:09]} Nc6 {[%emt 0:00:07]} 3. g3 {[%emt 0:00:28]} g6 {[%emt 0:00:14]} 4. Bg2 {[%emt 0:00:05]} Bg7 {[%emt 0:00:06]} 5. d3 {[%emt 0:00:13]} d6 {[%emt 0:00:20]} 6. Rb1 {[%emt 0:01:15]} a5 {[%emt 0:01:16]} 7. a3 {[%emt 0:00:05]} Be6 {[%emt 0:01:23]} 8. b4 {[%emt 0:07:48]} axb4 {[%emt 0:00:16]} 9. axb4 {[%emt 0:00:02]} Qd7 {[%emt 0:00:52]} 10. b5 {[%emt 0:00:34]} Nd8 {[%emt 0:00:15]} 11. h3 {[%emt 0:00:12]} Ne7 {[%emt 0:02:54]} 12. Nd5 {[%emt 0:00:26]} O-O {[%emt 0:02:42]} 13. e3 {[%emt 0:00:22]} Nc8 {[%emt 0:09:20]} 14. Ne2 {[%emt 0:09:07]} c6 {[%emt 0:01:56]} 15. bxc6 {[%emt 0:01:34]} bxc6 {[%emt 0:00:06]} 16. Nb4 {[%emt 0:01:26]} Ne7 {[%emt 0:04:57]} 17. Bb2 {[%emt 0:02:55]} Nb7 {[%emt 0:04:15]} 18. h4 {[%emt 0:05:38]} d5 {[%emt 0:13:31]} 19. cxd5 {[%emt 0:03:02]} Nxd5 {[%emt 0:00:31]} 20. Nxd5 {[%emt 0:00:46]} Bxd5 {[%emt 0:00:21]} 21. O-O {[%emt 0:00:55]} Bxg2 {[%emt 0:14:04]} 22. Kxg2 {[%emt 0:00:02]} Rfd8 {[%emt 0:05:33]} 23. d4 {[%emt 0:02:54]} exd4 {[%emt 0:04:43]} 24. Bxd4 {[%emt 0:03:18]} c5 {[%emt 0:00:41]} 25. Qc2 {[%emt 0:13:59]} cxd4 {[%emt 0:00:43]} 26. Nxd4 {[%emt 0:00:06]} Bxd4 {[%emt 0:00:58]} 27. exd4 {[%emt 0:00:08]} Qd5+ {[%emt 0:00:38]} 28. Kg1 {[%emt 0:00:27]} Nd6 {[%emt 0:00:27]} 29. Qd2 {[%emt 0:00:54]} Ra2 {[%emt 0:02:28]} 30. Qf4 {[%emt 0:00:21]} Nb5 {[%emt 0:01:49]} 0-1

[Event "MPL 47th National Women Chess-ch 2022"]
[Site "Odisha"]
[Date "2022.03.01"]
[Round "8.8"]
[White "Bommini Mounika Akshaya"]
[Black "Rakshitta Ravi"]
[Result "0-1"]
[WhiteElo "2145"]
[BlackElo "2278"]
[Annotator "TA"]
[PlyCount "38"]
[EventDate "2022.02.25"]
[EventCountry "IND"]
[SourceTitle "playchess.com"]
[Source "ChessBase"]
[SourceQuality "1"]

{[%evp 27,38,0,0,-20,-11,-123,-108,-450,-449,-1088,-1049,-2424,-613]} 1. e4 e5 2. Nf3 Nc6 3. Bb5 a6 4. Ba4 Nf6 5. O-O Nxe4 6. d4 b5 7. Bb3 d5 8. dxe5 Be6 9. c3 Bc5 10. Nbd2 O-O 11. Bc2 Nxf2 12. Rxf2 f6 13. exf6 Bxf2+ 14. Kxf2 Qxf6 15. Nb3 {15.Kg1 is the modern continuation. C82: Open Ruy Lopez: 9 c3 without 9...Be7.} Ne5 {Inhibits Qd3. Strongly threatening ...Rae8.} 16. Nc5 {[#]} (16. Kg1 $1 $11) 16... Rae8 $1 $17 {aiming for ...Bg4. Chess con chili.} 17. Qd4 {[%mdl 8192]} (17. Nxe6 $17 Qxe6 18. Kg1) 17... Bg4 $19 {[#] ( -> ...Qh4+). Black is clearly winning.} 18. Qxd5+ $146 ({Don't blunder} 18. Bg5 $2 Qxg5 19. Qxd5+ Kh8) (18. Bf4 $142 Bxf3 19. gxf3 Qxf4 20. Qxf4 Rxf4 21. Re1) ({Predecessor:} 18. Bd1 Qh4+ {1-0 (18) Miles,A-Kent England 1986}) 18... Kh8 19. Ne4 Bxf3 {Black took control after the opening.  Weighted Error Value: White=2.19/Black=0.00 (flawless)} (19... Qh4+ $142 20. Ke3 Nxf3 21. gxf3 Bxf3) 0-1